Extinct or Alive? - Statistics

General Stats
  • This quiz has been taken 172 times
    146 since last reset
  • The average score is 17 of 20
Answer Stats
Question Answer % Correct
Tasmanian devil Alive
100%
Giant ground sloth Extinct
100%
Auroch Extinct
100%
Irish elk Extinct
100%
Tasmanian tiger Extinct
100%
Galápagos tortoise Alive
89%
Komodo dragon Alive
89%
Steller's sea cow Extinct
89%
Great auk Extinct
89%
Carolina parakeet Extinct
89%
Amazon river dolphin Alive
78%
Madagascar hissing cockroach Alive
78%
Coelacanth Alive
78%
Secretary bird Alive
78%
Quokka Alive
78%
Asiatic cheetah Alive
78%
Barbary lion Extinct
78%
Quagga Extinct
78%
Giant armadillo Alive
56%
Ivory-billed woodpecker Extinct
33%
No matching quizzes found
Score Distribution
Percent of People with Each Score
Percentile by Number Answered
Your Score History
You have not taken this quiz since the last reset